| 000 | 00569nam a2200241 a 4500 | ||
|---|---|---|---|
| 001 | nice12345678 | ||
| 003 | IN_TiNIC | ||
| 005 | 20260116011841.0 | ||
| 008 | 050524s1892 raia grp 000 0 per | ||
| 020 |
_a _c100 |
||
| 082 | 0 | 0 |
_a297.4 _bGWA |
| 100 | _aGwaliori, Mohd Ghouse | ||
| 245 | _aAwraad-E-Ghousia | ||
| 260 |
_aRaichur _bSibghatullah Press _c1892 |
||
| 300 | _a116p | ||
| 500 | _aincludes index and biblioraphy | ||
| 505 | 2 | _a8 tracts | |
| 650 | _aSufism | ||
| 700 | 1 | _aGwaliori, Mohd Ghouse | |
| 902 | _bRBA | ||
| 942 | _cBK | ||
| 999 |
_c4431 _d4431 |
||